North American Pro Sports Championship Losers - Statistics

General Stats
  • This quiz has been taken 1,464 times
    353 since last reset
  • The average score is 277 of 354
Answer Stats
Hint Answer % Correct
NFL 1966 (I) | NFL 2020 (LV) | NFL 2024 (LIX) Kansas City Chiefs
95%
NFL 1985 (XX) | NFL 1996 (XXXI) | NFL 2007 (XLII) | +2 others New England Patriots
94%
MLB 1921 | MLB 1922 | MLB 1926 | +11 others New York Yankees
94%
NFL 2012 (XLVII) | NFL 2019 (LIV) | NFL 2023 (LVIII) San Francisco 49ers
94%
MLB 1939 | MLB 1961 | MLB 1970 | MLB 1972 Cincinnati Reds
93%
MLB 1911 | MLB 1912 | MLB 1913 | +7 others New York Giants
92%
MLB 1988 | MLB 1990 Oakland Athletics
92%
MLB 1905 | MLB 1914 | MLB 1931 Philadelphia Athletics
92%
NFL 1980 (XV) | NFL 2004 (XXXIX) | NFL 2022 (LVII) Philadelphia Eagles
92%
MLB 1962 | MLB 1989 | MLB 2002 San Francisco Giants
92%
NBA 1958 | NBA 1985 | NBA 1987 | +2 others Boston Celtics
91%
MLB 1941 | MLB 1947 | MLB 1949 | +3 others Brooklyn Dodgers
91%
NFL 2003 (XXXVIII) | NFL 2015 (50) Carolina Panthers
91%
NHL 1996 | NHL 2023 Florida Panthers
91%
MLB 1966 | MLB 1974 | MLB 1977 | +3 others Los Angeles Dodgers
91%
NBA 1962 | NBA 1963 | NBA 1965 | +11 others Los Angeles Lakers
90%
NBA 1959 Minneapolis Lakers
90%
NFL 1981 (XVI) | NFL 1988 (XXIII) | NFL 2021 (LVI) Cincinnati Bengals
89%
NBA 2016 | NBA 2019 Golden State Warriors
89%
NBA 1948 Philadelphia Warriors
89%
NBA 1964 | NBA 1967 San Francisco Warriors
89%
NFL 2005 (XL) | NFL 2014 (XLIX) Seattle Seahawks
89%
NFL 2008 (XLIII) Arizona Cardinals
88%
NFL 1979 (XIV) | NFL 2018 (LIII) Los Angeles Rams
88%
MLB 1928 | MLB 1930 | MLB 1943 | +5 others St. Louis Cardinals
88%
NFL 2001 (XXXVI) St. Louis Rams
88%
NBA 2007 | NBA 2015 | NBA 2017 | NBA 2018 Cleveland Cavaliers
87%
NFL 1977 (XII) | NFL 1986 (XXI) | NFL 1987 (XXII) | +2 others Denver Broncos
87%
NFL 2010 (XLV) Pittsburgh Steelers
87%
NFL 1995 (XXX) Pittsburgh Steelers
87%
MLB 1946 | MLB 1967 | MLB 1975 | MLB 1986 Boston Red Sox
86%
NFL 1990 (XXV) | NFL 1991 (XXVI) | NFL 1992 (XXVII) | NFL 1993 (XXVIII) Buffalo Bills
86%
NBA 2006 | NBA 2024 Dallas Mavericks
86%
NHL 1983 | NHL 2006 | NHL 2024 Edmonton Oilers
86%
NBA 2011 | NBA 2014 | NBA 2020 | NBA 2023 Miami Heat
86%
NHL 1929 | NHL 1932 | NHL 1937 | +4 others New York Rangers
86%
MLB 2010 | MLB 2011 Texas Rangers
86%
NFL 1997 (XXXII) Green Bay Packers
85%
MLB 2005 | MLB 2019 | MLB 2021 Houston Astros
84%
NFL 1968 (III) Baltimore Colts
83%
NFL 2009 (XLIV) Indianapolis Colts
83%
MLB 1973 | MLB 2000 | MLB 2015 New York Mets
83%
NFL 1998 (XXXIII) | NFL 2016 (LI) Atlanta Falcons
81%
NFL 1970 (V) | NFL 1975 (X) | NFL 1978 (XIII) Dallas Cowboys
81%
NFL 1971 (VI) | NFL 1982 (XVII) | NFL 1984 (XIX) Miami Dolphins
80%
NFL 1967 (II) | NFL 2002 (XXXVII) Oakland Raiders
80%
NFL 2006 (XLI) Chicago Bears
79%
MLB 1906 | MLB 1910 | MLB 1918 | +5 others Chicago Cubs
79%
MLB 1919 | MLB 1959 Chicago White Sox
79%
NBA 1988 | NBA 2005 Detroit Pistons
79%
NBA 1955 | NBA 1956 Fort Wayne Pistons
79%
NFL 1969 (IV) | NFL 1973 (VIII) | NFL 1974 (IX) | NFL 1976 (XI) Minnesota Vikings
79%
NBA 2013 San Antonio Spurs
78%
NHL 1947 | NHL 1951 | NHL 1952 | +5 others Montreal Canadiens
77%
NBA 2012 Oklahoma City Thunder
77%
NHL 1993 Los Angeles Kings
76%
NBA 1977 | NBA 1980 | NBA 1982 | NBA 2001 Philadelphia 76ers
76%
NHL 1933 | NHL 1935 | NHL 1936 | +5 others Toronto Maple Leafs
76%
MLB 2023 Arizona Diamondbacks
75%
NBA 1976 | NBA 1993 | NBA 2021 Phoenix Suns
75%
NHL 1927 | NHL 1930 | NHL 1943 | +11 others Boston Bruins
74%
NBA 2002 | NBA 2003 New Jersey Nets
74%
MLB 1915 | MLB 1950 | MLB 1983 | +3 others Philadelphia Phillies
74%
NFL 1994 (XXIX) San Diego Chargers
74%
NHL 2008 Pittsburgh Penguins
73%
NHL 2015 | NHL 2022 Tampa Bay Lightning
73%
NFL 1972 (VII) | NFL 1983 (XVIII) Washington Redskins
73%
NHL 1934 | NHL 1941 | NHL 1942 | +10 others Detroit Red Wings
72%
MLB 1907 | MLB 1908 | MLB 1909 | +4 others Detroit Tigers
72%
NHL 1982 | NHL 1994 | NHL 2011 Vancouver Canucks
72%
NBA 1981 | NBA 1986 Houston Rockets
71%
MLB 1980 | MLB 2014 Kansas City Royals
71%
NBA 1974 Milwaukee Bucks
71%
NFL 1999 (XXXIV) Tennessee Titans
71%
NBA 1951 | NBA 1952 | NBA 1953 | +3 others New York Knicks
70%
NHL 1992 Chicago Blackhawks
69%
NHL 1931 | NHL 1944 | NHL 1962 | +3 others Chicago Black Hawks
69%
MLB 1954 | MLB 1995 | MLB 1997 | MLB 2016 Cleveland Indians
69%
NHL 2000 | NHL 2020 Dallas Stars
69%
NHL 1981 | NHL 1991 Minnesota North Stars
69%
NBA 1995 | NBA 2009 Orlando Magic
69%
MLB 2008 | MLB 2020 Tampa Bay Rays
69%
NBA 1997 | NBA 1998 Utah Jazz
69%
MLB 1991 | MLB 1992 | MLB 1996 | MLB 1999 Atlanta Braves
67%
MLB 1948 Boston Braves
67%
NHL 1986 | NHL 2004 Calgary Flames
67%
NBA 2000 Indiana Pacers
67%
MLB 1958 Milwaukee Braves
67%
NHL 2007 Ottawa Senators
67%
NHL 1984 New York Islanders
66%
MLB 1903 | MLB 1927 Pittsburgh Pirates
66%
NHL 2018 Vegas Golden Knights
66%
MLB 1925 | MLB 1933 Washington Senators
66%
NHL 1968 | NHL 1969 | NHL 1970 St. Louis Blues
65%
NHL 1976 | NHL 1980 | NHL 1985 | +3 others Philadelphia Flyers
64%
NBA 1990 | NBA 1992 Portland Trail Blazers
63%
MLB 1969 | MLB 1971 | MLB 1979 Baltimore Orioles
62%
MLB 1982 Milwaukee Brewers
62%
MLB 1965 Minnesota Twins
62%
MLB 1984 | MLB 1998 San Diego Padres
62%
NBA 1957 | NBA 1960 | NBA 1961 St. Louis Hawks
62%
MLB 2007 Colorado Rockies
61%
NHL 2001 | NHL 2012 New Jersey Devils
61%
NBA 1978 | NBA 1996 Seattle Supersonics
61%
MLB 1944 St. Louis Browns
60%
NHL 2017 Nashville Predators
59%
NBA 1950 | NBA 1954 Syracuse Nationals
59%
NHL 1998 Washington Capitals
59%
NBA 1949 Washington Capitols
59%
NHL 2002 Carolina Hurricanes
58%
NHL 2003 Mighty Ducks of Anaheim
58%
NHL 1975 | NHL 1999 Buffalo Sabres
57%
NHL 2016 San Jose Sharks
57%
NBA 1971 Baltimore Bullets
50%
NBA 1975 | NBA 1979 Washington Bullets
50%
NHL 1928 Montreal Maroons
24%
NBA 1947 Chicago Stags
11%
MLB 1916 | MLB 1920 Brooklyn Robins
10%
No matching quizzes found
Score Distribution
Percent of People with Each Score
Percentile by Number Answered
Your Score History
You have not taken this quiz since the last reset